000 00616nam a22002057a 4500
003 UA-OsUOA
001 43958
007 ta
008 20070131b un ||||| |||| 00| 0 ukr d
090 _a34
_bЗ-11
942 _cSA
040 _aUA-OsUOA
_bukr
_cUA-OsUOA
_dUA-OsUOA
245 _aЗакон України Про внесення змін до статті 7 Закону України "Про банки і банківську діяльність"
300 _aС.11
955 _a0
041 _aukr
080 _a34
773 0 _w43957
650 7 _a34 Право. Юриспруденція
_2UDC
999 _c330071
_d330071